00315nam a2200121 a 4500008004100000020001500041050001500056100001800071245003200089260004000121300002300161350000900184120416s0000 ||||||||||||||||| || u a0471219452 aTP 492 Dos aDossat, Roy J10aPrinciples of refrigeration aNew YorkbJohn Wiley and Sonsc1961 aviii, 544p. : ill. a0.00